000 01778cam a22004334a 4500
001 1972
003 FISKH
005 20231102121827.0
008 031203s2004 nyu b b 001 0 eng
010 _a 2003067332
020 _a043959363
020 _a9780439593601
040 _aDLC
_cDLC
_dDLC
_beng
042 _apcc
050 0 0 _aE159
_b.K44 2004
082 0 0 _a973
_222
100 1 _aKeenan, Sheila.
245 1 0 _aO, say can you see? :
_bAmerican symbols and landmarks, and inspiring words /
_cby Sheila Keenan ; illustrated by Ann Boyajian.
260 _aNew York :
_bScholastic,
_c2004.
300 _a64 pages ;
_c28 cm
505 _aT
520 _aReveals the stories behind the many symbols, landmarks, and documents that have shaped American history, including Plymouth Rock, the White House, Ellis Island, the flag, Uncle Sam, the National Anthem, and the Pledge of Allegiance.
521 8 _a800
_bLexile
521 8 _aT
_bRaz-Plus
650 0 _aNational monuments
_zUnited States
_vJuvenile literature.
650 0 _aHistoric sites
_zUnited States
_vJuvenile literature.
650 0 _aEmblems, National
_zUnited States
_vJuvenile literature.
650 0 _aSigns and symbols
_zUnited States
_vJuvenile literature.
650 1 _aNational monuments.
650 1 _aHistoric sites.
650 1 _aEmblems, National.
650 1 _aSigns and symbols.
651 0 _aUnited States
_xHistory
_vSources
_vJuvenile literature.
651 1 _aUnited States
_xHistory.
700 1 _aBoyajian, Ann,
_eillustrator
906 _a7
_bcbc
_corignew
_d1
_eocip
_f20
_gy-gencatlg
942 _2ddc
_cBK
_n0
999 _c1972
_d1972